000 00716nam a2200241 i 4500
001 12847
003 ES-MaACL
005 20250901041010.0
007 t|
008 961010s1996 sp ||||0| spa j
020 _a84-339-0532-5
040 _aM-BN
_bspa
_cM-BN
080 _a159.942
100 1 _aMarina, José Antonio.
_976822
245 1 3 _aEl laberinto sentimental /
_cJosé Antonio Marina.
260 _aBarcelona :
_bAnagrama,
_c[1996]
300 _a280 p. ;
_c22 cm.
490 1 _aColección Argumentos ;
_v182
650 7 _aEmociones y sentimientos
_2embne
_912196
830 0 _aColección Argumentos ;
_v182
_9178071
852 _aES-MaACL
_jL-20195
_bR.125349
999 _c12847
_d12847